000 00387nam a2200145Ia 4500
008 231129s2001||||xx |||||||||||||| ||spa||
020 _a958-8227-96-8
040 _bspa
082 _a371.30281 F797c
100 _aFry Ron
245 0 _aComo redactar y presentar tus trabajos
260 _c2001
264 _aCirculo de Lectores
942 _2ddc
_cBKS
999 _c7663
_d7663